000 00514nam a2200217Ia 4500
003 OSt
005 20220928103543.0
006 a|||||r|||| 00| 0
007 ta
008 220927b |||||||| |||| 00| 0 eng d
024 _a26028
037 _cTextual
040 _aSDCL
_cSDCL
_beng
041 _2eng
_aeng
082 _aQ125:24, L7
245 0 _aTaittiriyopnisadabhashyavartikam.
260 _c1977
300 _a223p.
_ccm.
942 _hQ125:24, L7
_cTEXL
_2CC
999 _c720745
_d720745